| 000 | 00826nam a22002177a 4500 | ||
|---|---|---|---|
| 001 | 5830 | ||
| 003 | FISKH | ||
| 005 | 20250124091838.0 | ||
| 008 | 250123b cb ||||| |||| 00| 0 eng d | ||
| 040 |
_aFISKH _beng _cFISKH _dFISKH |
||
| 050 | _aPZ10.B2952 | ||
| 082 | _a513 | ||
| 100 | _aBendick, Jeanne | ||
| 245 |
_aTake shapes, lines and letters : _bNew horrizons in Mathematics / _cBy Jeanne Bendick and Marcia Levin |
||
| 260 |
_aNew York : _bA Whittlesey House , _c1962. |
||
| 300 |
_a79 pages : _billustrations ; _c26 cm . |
||
| 520 | _aAn introduction to some of the basic concepts in geometry and where they are met in everyday life, including sections on mathematics in art or music, and the use of letters and charts in mathematics | ||
| 650 |
_ageometry _vnon-fiction |
||
| 942 |
_2ddc _cBK _n0 |
||
| 999 |
_c5830 _d5830 |
||